Cette-année là: 1833 - Statistiques

Statistiques générales
  • Ce quiz a été pris 13 fois
  • Le résultat moyen est 4 sur 10
Statistiques - réponses
Indices Réponses % Correct
23 décembre: arrivée en France de ce monument égyptien Obélisque de Louxor
92%
3 janvier: Le Royaume-Uni occupe ces îles (et s'y trouve encore). Malouines
75%
6 février: Le prince Othon devient Roi de Grèce, de quel état allemand provient sa famille ? Bavière
67%
22 février: Un pasteur français évangélise ce petit état sud africain Lesotho
58%
28 août: Le Parlement anglais abolit cette odieuse pratique. Esclavage
42%
2 octobre: Nom des partisans de don Carlos, revendiquant le trône d'Espagne au nom de la loi salique supprimée par son défunt frère Ferdinand. Carlistes
25%
28 juin : Ce ministre est à l'origine d'une importante loi sur l'instruction primaire. François Guizot
25%
6 janvier : l'empereur Nguyễn Minh Mạng entreprend de persécuter cette communauté au Viêt Nam. Chrétiens
17%
20 février: Alliance russo-turque contre les ambitions de ce souverain égyptien. Mehemet Ali
8%
23 avril: Création de cette société de bienfaisance par Frédéric Ozanam Société Saint-Vincent de Paul
8%
Aucun quiz correspondant
Distribution des résultats
% des personnes avec chaque résultat
Percentile par nombre de réponses
Votre historique - résultats
Vous n’avez pas pris ce quiz